000 01161nam a2200301 a 4500
001 000049091
005 20250621074009.0
008 190718s2009 dr r 000 0 spa d
040 _aDO-SdBNP
_bspa
_cBNPHU
082 _aF-RD 923.27293
_bD812id, 2009
100 1 _aDuarte, Juan Pablo,
_d1813-1876
_91494
245 1 0 _aIdeario de Duarte e Himnos Dominicanos.
250 _a3a. ed.
260 _aSanto Domingo :
_bSecretaría de Estado de Interior y Policía,
_c2009.
300 _a48 p. ;
_c21 cm.
490 1 _aDerechos ciudadanos
_v18
590 _aInventariado, 2019/BT
600 1 0 _aDuarte, Juan Pablo,
_d1813-1876
_91494
650 4 _aHimnos dominicanos
_976469
650 4 _aEmblemas nacionales
_976470
651 4 _aRepública Dominicana
_xHistoria
_y1844-1930
_xFuentes
_938423
651 4 _aRepública Dominicana
_xConstitución
_91008
651 0 _aRepública Dominicana
_xPolítica y gobierno
_945
651 4 _aRepública Dominicana
_xConstitución
_91008
710 1 _aRepública Dominicana.
_bSecretaría de Estados de Interior y Policía.
_976471
830 0 _aDerechos ciudadanos
_v18
_976472
910 _aValidado. Control de calidad MFF
999 _c48579
_d48579